All risks property insurance (Record no. 103321)

MARC details
000 -LEADER
fixed length control field 01615cam a2200469 4500
008 - FIXED-LENGTH DATA ELEMENTS--GENERAL INFORMATION
fixed length control field 040202n1999 000 0 eng u
020 ## - INTERNATIONAL STANDARD BOOK NUMBER
International Standard Book Number 1859786057
035 ## - SYSTEM CONTROL NUMBER
System control number (Sirsi) u124974
041 ## - LANGUAGE CODE
Language code of text/sound track or separate title eng
050 ## - LIBRARY OF CONGRESS CALL NUMBER
Classification number 368.1
-- 18
100 ## - MAIN ENTRY--PERSONAL NAME
Personal name Hanson, John
245 ## - TITLE STATEMENT
Title All risks property insurance
250 ## - EDITION STATEMENT
Edition statement 2nd ed.
260 ## - PUBLICATION, DISTRIBUTION, ETC.
Place of publication, distribution, etc. London
Name of publisher, distributor, etc. LLP
Date of publication, distribution, etc. 1999
300 ## - PHYSICAL DESCRIPTION
Extent xxii, 314p.
Dimensions 24cm.
350 ## - PRICE (NR) (BK AM CF MU VM SE) [OBSOLETE]
Price 110
505 ## - FORMATTED CONTENTS NOTE
Formatted contents note All Risks Property Insurance - an overview
505 ## - FORMATTED CONTENTS NOTE
Formatted contents note Pre-contractual disclosure
505 ## - FORMATTED CONTENTS NOTE
Formatted contents note Statutory requirements for ARPI
505 ## - FORMATTED CONTENTS NOTE
Formatted contents note Contract law and interpretation
505 ## - FORMATTED CONTENTS NOTE
Formatted contents note Occurrence and cause
505 ## - FORMATTED CONTENTS NOTE
Formatted contents note Fraud, theft and mysterious loss conditions and exclusions
505 ## - FORMATTED CONTENTS NOTE
Formatted contents note War, riot, terrorism and allied risk exclusions
505 ## - FORMATTED CONTENTS NOTE
Formatted contents note Inherent vice, natural deterioration and associated exclusions
505 ## - FORMATTED CONTENTS NOTE
Formatted contents note Industrial peril exclusions
505 ## - FORMATTED CONTENTS NOTE
Formatted contents note Natural peril exclusions
505 ## - FORMATTED CONTENTS NOTE
Formatted contents note Other exclusions
505 ## - FORMATTED CONTENTS NOTE
Formatted contents note Common conditions
505 ## - FORMATTED CONTENTS NOTE
Formatted contents note Claims
505 ## - FORMATTED CONTENTS NOTE
Formatted contents note Extensions
505 ## - FORMATTED CONTENTS NOTE
Formatted contents note Dispute resolution, jurisdiction and choice of law clauses
505 ## - FORMATTED CONTENTS NOTE
Formatted contents note Contribution
505 ## - FORMATTED CONTENTS NOTE
Formatted contents note Subrogation
505 ## - FORMATTED CONTENTS NOTE
Formatted contents note APRI and global programmes
520 ## - SUMMARY, ETC.
Summary, etc. This second edition provides a comprehensive and practical legal analysis of All Risks Property Insurance (ARPI). Includes tables of cases and legislation.
650 ## - SUBJECT ADDED ENTRY--TOPICAL TERM
Topical term or geographic name entry element ALL RISKS PROPERTY INSURANCE
650 ## - SUBJECT ADDED ENTRY--TOPICAL TERM
Topical term or geographic name entry element PROPERTY INSURANCE
650 ## - SUBJECT ADDED ENTRY--TOPICAL TERM
Topical term or geographic name entry element PROPERTY-COMMERCIAL PROPERTY
690 ## - LOCAL SUBJECT ADDED ENTRY--TOPICAL TERM (OCLC, RLIN)
Topical term or geographic name as entry element Insurance
9 (RLIN) 6249
700 ## - ADDED ENTRY--PERSONAL NAME
Personal name Henley, Christopher
942 ## - ADDED ENTRY ELEMENTS (KOHA)
Suppress in OPAC 0
Holdings
Withdrawn status Lost status Source of classification or shelving scheme Damaged status Not for loan Home library Current library Shelving location Date acquired Total Checkouts Full call number Barcode Date last seen Date last checked out Copy number Price effective from Koha item type
    Dewey Decimal Classification     London London Books 02/02/2004 14 368.1 HAN 30060019 06/08/2019 31/07/2007 1 06/08/2019 Book